000
00261nam a22001217a 4500
041
_a
ENG
100
_a
Ballaney
245
_a
Theory Of Machines And Mechanisms
260
_a
Delhi
_b
Khanna,Pub
_c
2013
300
_a
1348
650
_a
FMP
856
_u
FMP ( 16 )
999
_c
1384
_d
1384